000 00843nam a2200229 a 4500
001 63422
003 BD-RjUL
005 20211209081209.0
008 170130s2009 bg a|||| |||| 00| p ben d
020 _a9789848867020
_c: Tk. 50.00
035 _a(BD-RjUL)63551
040 _aBD-RjUL
_bben
_cBD-RjUL
041 _aben
082 _223
_a891.441
_bRAM 2009
100 _aরহমান, সরদার আবদুর
_9178215
245 1 0 _aমানুষের পেটে কেন জিলাপির প্যাঁচ /
_cসরদার আবদুর রহমান
260 _aরাজশাহী :
_bপরিলেখ,
_c২০০৯
300 _a২৮ পৃ. :
_bচিত্র ;
_c২২ সেমি.
650 _aবাংলা কবিতা
_9179513
650 _aBengali Poetry
_9179514
942 _2ddc
_cBK
999 _c63422
_d63422